00262nam a2200121Ia 4500008004100000100001300041245001900054260002500073300000800098650001000106942000700116999001700123190216s9999||||xx |||||||||||||| ||und|| aShoukath 0aHindi-Nilopher bPragathi Prakashan a167 aHindi cBK c16396d16396